<?xml version="1.0" encoding="UTF-8"?>
<record
    xmlns:xsi="http://www.w3.org/2001/XMLSchema-instance"
    xsi:schemaLocation="http://www.loc.gov/MARC21/slim http://www.loc.gov/standards/marcxml/schema/MARC21slim.xsd"
    xmlns="http://www.loc.gov/MARC21/slim">

  <leader>00752nam a2200193Ia 4500</leader>
  <controlfield tag="005">20250508161832.0</controlfield>
  <controlfield tag="008">008  250505s9999    xx            000 0 eng d</controlfield>
  <datafield tag="037" ind1=" " ind2=" ">
    <subfield code="a">Dissertations</subfield>
  </datafield>
  <datafield tag="040" ind1=" " ind2=" ">
    <subfield code="a">FEDL</subfield>
    <subfield code="b">eng</subfield>
    <subfield code="c">FEDL</subfield>
  </datafield>
  <datafield tag="041" ind1=" " ind2=" ">
    <subfield code="a">eng</subfield>
    <subfield code="2">eng</subfield>
  </datafield>
  <datafield tag="084" ind1=" " ind2=" ">
    <subfield code="a">540.7, GUP/DI</subfield>
    <subfield code="q">FEDL</subfield>
  </datafield>
  <datafield tag="100" ind1=" " ind2=" ">
    <subfield code="a">Gupta Pramod Kumar</subfield>
    <subfield code="9">524473</subfield>
  </datafield>
  <datafield tag="245" ind1=" " ind2="0">
    <subfield code="a">Construction of a programmed text on 'electronic theory of valency' (Chemistry) for class 10th of Haldwani, distt, (Nainital) and finding out experimentally the effectiveness of high and low achievers in chemistry as compared to class room teaching</subfield>
  </datafield>
  <datafield tag="260" ind1=" " ind2=" ">
    <subfield code="c">1976</subfield>
  </datafield>
  <datafield tag="300" ind1=" " ind2=" ">
    <subfield code="a">92p.</subfield>
  </datafield>
  <datafield tag="546" ind1=" " ind2=" ">
    <subfield code="a">M. Ed. Dissertation (Delhi University)</subfield>
  </datafield>
  <datafield tag="942" ind1=" " ind2=" ">
    <subfield code="c">DIS</subfield>
    <subfield code="h">540.7, GUP/DI</subfield>
  </datafield>
  <datafield tag="999" ind1=" " ind2=" ">
    <subfield code="c">1372556</subfield>
    <subfield code="d">1372556</subfield>
  </datafield>
  <datafield tag="952" ind1=" " ind2=" ">
    <subfield code="0">0</subfield>
    <subfield code="1">0</subfield>
    <subfield code="4">0</subfield>
    <subfield code="7">0</subfield>
    <subfield code="a">FEDL</subfield>
    <subfield code="b">FEDL</subfield>
    <subfield code="d">2025-05-08</subfield>
    <subfield code="l">0</subfield>
    <subfield code="o">540.7, GUP/DI</subfield>
    <subfield code="p">EL0062387</subfield>
    <subfield code="r">2025-05-08 16:18:32</subfield>
    <subfield code="w">2025-05-08</subfield>
    <subfield code="y">DIS</subfield>
  </datafield>
</record>
